The rays before Satyajit : (Record no. 190597)

MARC details
000 -LEADER
fixed length control field 00601nam a22001817a 4500
005 - DATE AND TIME OF LATEST TRANSACTION
control field 20220729113327.0
010 ## - LCCN (DPL NO)
LC control number ENG-134087
020 ## - INTERNATIONAL STANDARD BOOK NUMBER
International Standard Book Number 9780199464753
Terms of availability 995.00
035 ## - SYSTEM CONTROL NUMBER
System control number EN-117619
037 ## - SOURCE OF ACQUISITION
Source of stock number/acquisition DBAD/PUB
082 ## - DEWEY DECIMAL CLASSIFICATION NUMBER
Classification number 954.14
100 ## - MAIN ENTRY--PERSONAL NAME
Personal name Sengoopta, Chandak
245 ## - TITLE STATEMENT
Title The rays before Satyajit :
Statement of responsibility, etc by Chandak Sengoopta
Remainder of title creativity and modernity in colonial India /
260 ## - PUBLICATION, DISTRIBUTION, ETC. (IMPRINT)
Date of publication, distribution, etc 2016
Place of publication, distribution, etc New Delhi
Name of publisher, distributor, etc Oxford University Press
270 ## - ADDRESS
Address YMCA Library Building, 1, Jai Singh Road,
City New Delhi
Postal code 110001
300 ## - PHYSICAL DESCRIPTION
Dimensions 22cm (hb)
Extent xi;418p.
942 ## - ADDED ENTRY ELEMENTS (KOHA)
Item type English Books
Source of classification or shelving scheme Dewey Decimal Classification
Classification part 954.14
Call number suffix SEN
Holdings
Withdrawn status Lost status Not for loan Collection code Home library Current library Date acquired Source of acquisition Cost, normal purchase price Full call number Barcode Copy number Cost, replacement price Koha item type
      Non-fiction Bawana Bawana 29/07/2022 DBAD/PUB 995.00 954.14 SEN EN-117619 1 995.00 English Books

© Delhi Public Library
Hit Counter
free hit counter